| 000 | 01178cam a2200301 a 4500 | ||
|---|---|---|---|
| 001 | 1178934 | ||
| 003 | OSt | ||
| 005 | 20180117090001.0 | ||
| 008 | 970128s1997 enka b 001 0 eng | ||
| 010 | _a 97002335 | ||
| 020 | _a0631201521 (alk. paper) | ||
| 020 | _a0631206663 (pbk. : alk. paper) | ||
| 040 |
_aDLC _cDLC _dDLC |
||
| 050 | 0 | 0 |
_aHB133 _b.M65 1997 |
| 082 | 0 | 0 |
_a306.4/2 _221 |
| 100 | 1 | _aMolho, Ian. | |
| 245 | 1 | 4 |
_aThe economics of information : _blying and cheating in markets and organizations / _cIan Molho. |
| 260 |
_aOxford ; _aMalden, Mass. : _bBlackwell, _c1997. |
||
| 300 |
_ax, 262 p. : _bill. ; _c23 cm. |
||
| 504 | _aIncludes bibliographical references and index. | ||
| 650 | 0 | _aInformation theory in economics. | |
| 650 | 0 | _aUncertainty. | |
| 650 | 0 | _aDecision making. | |
| 906 |
_a7 _bcbc _corignew _d1 _eocip _f19 _gy-gencatlg |
||
| 942 |
_2ddc _cBK |
||
| 999 |
_c3228 _d3228 |
||